Psicología de la emoción /

Obra que inicia presentando los principales modelos teóricos desarrollados en torno a la emoción; viene luego el estudio de las bases físicas de la emoción y de los diversos sistemas que mediatizan los procesos emocionales; en tercer término describe las técnicas diversas empleadas para medir los co...

Descripción completa

Guardado en:
Detalles Bibliográficos
Autor principal: Garrido, Isaac (autor)
Formato: Libro
Idioma:Español
Publicado: Madrid, España : Síntesis, 2000, c2000
Colección:(Psicología. Psicología Básica ; 6)
Temas:
Etiquetas: Agrega una etiqueta
Sin etiquetas, Sé el primero en etiquetar este registro!

MARC

LEADER 00000nam^a2200000^a^4500
001 000141151
005 20250521000000.0
009 20260310095604.813
020 |a 84-7738-805-9 
037 |a Acervo ITESO - Biblioteca 
041 |a ESP 
082 |a 152. 4  |b GAR 
100 |a Garrido, Isaac  |e (autor) 
245 1 0 |a Psicología de la emoción /  |c I. Garrido. 
264 4 |a Madrid, España :  |b Síntesis,  |c 2000, c2000 
300 |a 303 p. 
336 |a texto  |b txt  |2 rdacontenido 
337 |a sin mediación  |b n  |2 rdamedio 
338 |a volumen  |b nc  |2 rdasoporte 
440 1 |a (Psicología.  |p Psicología Básica ;  |v 6) 
520 |a Obra que inicia presentando los principales modelos teóricos desarrollados en torno a la emoción; viene luego el estudio de las bases físicas de la emoción y de los diversos sistemas que mediatizan los procesos emocionales; en tercer término describe las técnicas diversas empleadas para medir los componentes de la emoción; finalmente, analiza la relación entre emoción, motivación y procesos cognoscitivos. 
649 |a XX 
650 |a Emoción 
650 |a Motivación 
650 |a Memoria 
650 |a Psicología Cognitiva 
650 |a Neurofisiología 
650 |a Neuropsicología 
650 |a Neurología 
650 |a Psicología 
910 |a Fondo General 
920 |a Impresos - Libros 
930 |a Colección General 
905 |a 101 
901 |a 0500070040  |b IT1  |c ACC  |u 20250521 
902 |a https://opac.biblio.iteso.mx/vufind/Record/000141151